Fr. Conceicao Rodrigues College of Engineering

Electronic Product finder (Record no. 35642)

MARC details
000 -LEADER
fixed length control field 00304nam a2200145Ia 4500
082 ## - DEWEY DECIMAL CLASSIFICATION NUMBER
Classification number 621.38132
Item number KAD
100 ## - MAIN ENTRY--PERSONAL NAME
Personal name Kaduskar/R.G
245 ## - TITLE STATEMENT
Title Electronic Product finder
260 ## - PUBLICATION, DISTRIBUTION, ETC.
Name of publisher, distributor, etc. Wiley India
Date of publication, distribution, etc. 2012
366 ## - TRADE AVAILABILITY INFORMATION
Publishers's discount category 20
300 ## - PHYSICAL DESCRIPTION
Extent 500
546 ## - LANGUAGE NOTE
Language note ENGLISH
-- PAMPHALETS
942 ## - ADDED ENTRY ELEMENTS (KOHA)
Koha item type BOOK
Holdings
Withdrawn status Lost status Damaged status Not for loan Collection Home library Current library Date acquired Source of acquisition Cost, normal purchase price Inventory number Total Checkouts Full call number Barcode Date last seen Cost, replacement price Price effective from Koha item type
        CRC Fr. Agnel's C.Rodrigues College of Engineering Fr. Agnel's C.Rodrigues College of Engineering 17/03/2023 Vakratund Book House 343.20 3441 dt 20/03/2012   621.38132 KAD 21930 17/03/2023 429.00   BOOK